[Event "39th Bosna it"]
[Site "Sarajevo BIH"]
[Date "2009.05.08"]
[Round "1"]
[White "Harikrishna, Pentala"]
[Black "Predojevic, Borki"]
[Result "1/2-1/2"]
[WhiteElo "2686"]
[BlackElo "2652"]
[EventDate "2009.05.07"]
[PlyCount "81"]

1.d4 d5 2.c4 c6 3.Nf3 Nf6 4.Nc3 dxc4 5.a4 Bf5 6.Ne5 Nbd7 7.Nxc4 Nb6 8.Ne5 
a5 9.e3 g6 10.Bd3 Bxd3 11.Nxd3 Nbd5 12.Qb3 Qb6 13.Qxb6 Nxb6 14.Ke2 Bg7 15.
Rd1 O-O 16.Bd2 Nfd7 17.b3 e5 18.dxe5 Nxe5 19.Nxe5 Bxe5 20.Rac1 f5 21.Nb1 
Nd5 22.g3 Rfe8 23.Kf1 Kf7 24.Be1 Ke6 25.Rd3 Red8 26.Nd2 Bc7 27.e4 Nb4 28.
exf5+ gxf5 29.Re3+ Kf6 30.Nf3 Nd5 31.Rd3 Bd6 32.Bd2 Re8 33.Rc4 Re4 34.Ng5 
Re7 35.g4 Bb4 36.Nf3 Bxd2 37.Rxd2 fxg4 38.Rxg4 Rae8 39.Rh4 Kg7 40.Rdd4 Rf8
41.Nd2 1/2-1/2

[Event "39th Bosna it"]
[Site "Sarajevo BIH"]
[Date "2009.05.08"]
[Round "1"]
[White "Sokolov, Ivan"]
[Black "Movsesian, Sergei"]
[Result "1/2-1/2"]
[WhiteElo "2669"]
[BlackElo "2747"]
[EventDate "2009.05.07"]
[PlyCount "53"]

1.d4 d5 2.c4 c6 3.Nc3 Nf6 4.Nf3 a6 5.a4 e6 6.e3 c5 7.Bd3 Nc6 8.O-O Be7 9.
cxd5 exd5 10.dxc5 Bxc5 11.e4 dxe4 12.Nxe4 Be7 13.Nxf6+ Bxf6 14.Qe2+ Qe7 
15.Re1 Qxe2 16.Rxe2+ Be6 17.Bf5 O-O-O 18.Bxe6+ fxe6 19.Bf4 Rd5 20.Rxe6 
Bxb2 21.Rb1 Bf6 22.g4 Kd7 23.Rxf6 gxf6 24.Rxb7+ Ke6 25.Rb6 Kd7 26.Rb7+ Ke6
27.Rb6 1/2-1/2

[Event "39th Bosna it"]
[Site "Sarajevo BIH"]
[Date "2009.05.08"]
[Round "1"]
[White "Wang Hao"]
[Black "Eljanov, Pavel"]
[Result "0-1"]
[WhiteElo "2696"]
[BlackElo "2693"]
[EventDate "2009.05.07"]
[PlyCount "96"]

1.Nf3 Nf6 2.c4 e6 3.d4 d5 4.Nc3 Nbd7 5.Qc2 dxc4 6.e4 c5 7.Be3 a6 8.e5 Ng4 
9.Bxc4 Qc7 10.Bf4 cxd4 11.Ne4 Bb4+ 12.Ke2 O-O 13.Bd3 Ba5 14.Rac1 Qxc2+ 15.
Rxc2 f6 16.exf6 Ndxf6 17.Nxf6+ Nxf6 18.Rhc1 Nd5 19.Bd6 Bd7 20.g3 Rfd8 21.
Ng5 h6 22.Ne4 Ba4 23.Rc4 Bb5 24.R4c2 Bc6 25.a3 Bb6 26.Be5 Ba4 27.Rd2 Ba5 
28.Nc5 Bxd2 29.Kxd2 Bc6 30.Nxa6 Rac8 31.Nc5 Kf7 32.Re1 Ne7 33.h4 Bd5 34.
Ne4 Bxe4 35.Rxe4 Nc6 36.Bf4 Na5 37.Re5 Rd5 38.Rxd5 exd5 39.Bf5 Nb3+ 40.Kd1
Rc6 41.f3 Rf6 42.Bc8 Nc5 43.Ke2 d3+ 44.Ke3 d4+ 45.Kd2 g5 46.hxg5 hxg5 47.
Bxg5 Rxf3 48.Ke1 Rxg3 0-1

[Event "39th Bosna it"]
[Site "Sarajevo BIH"]
[Date "2009.05.09"]
[Round "2"]
[White "Eljanov, Pavel"]
[Black "Sokolov, Ivan"]
[Result "1-0"]
[WhiteElo "2693"]
[BlackElo "2669"]
[EventDate "2009.05.07"]
[PlyCount "63"]

1.d4 d5 2.c4 c6 3.Nf3 Nf6 4.Nc3 a6 5.e3 b5 6.c5 g6 7.Ne5 Bg7 8.Be2 Nfd7 9.
f4 Nxe5 10.fxe5 f6 11.exf6 exf6 12.e4 b4 13.Na4 dxe4 14.Nb6 Ra7 15.Qb3 Re7
16.Nxc8 Qxc8 17.Bf4 f5 18.O-O-O Nd7 19.Bd6 Nf6 20.Bc4 Rd7 21.Kb1 Qb7 22.
Qa4 Qa8 23.g4 Nd5 24.gxf5 gxf5 25.Bxd5 cxd5 26.Rhf1 Kd8 27.Rxf5 Re8 28.
Qxb4 Re6 29.Rdf1 Kc8 30.Rf8+ Bxf8 31.Rxf8+ Rd8 32.Qb6 1-0

[Event "39th Bosna it"]
[Site "Sarajevo BIH"]
[Date "2009.05.09"]
[Round "2"]
[White "Harikrishna, Pentala"]
[Black "Wang Hao"]
[Result "1/2-1/2"]
[WhiteElo "2686"]
[BlackElo "2696"]
[EventDate "2009.05.07"]
[PlyCount "46"]

1.Nf3 d5 2.d4 Nf6 3.c4 e6 4.Nc3 dxc4 5.Qa4+ c6 6.Qxc4 b5 7.Qd3 Nbd7 8.e4 
b4 9.Na4 Qa5 10.b3 c5 11.e5 Nd5 12.Be2 cxd4 13.Nxd4 Nc5 14.Qc2 Bd7 15.Nb2 
Be7 16.Nc4 Qc7 17.O-O O-O 18.Bf3 Rac8 19.Bd2 Rfd8 20.Rac1 Be8 21.Rfd1 Qb8 
22.Qb1 h6 23.h3 a6 1/2-1/2

[Event "39th Bosna it"]
[Site "Sarajevo BIH"]
[Date "2009.05.10"]
[Round "3"]
[White "Movsesian, Sergei"]
[Black "Eljanov, Pavel"]
[Result "1/2-1/2"]
[WhiteElo "2747"]
[BlackElo "2693"]
[EventDate "2009.05.07"]
[PlyCount "37"]

1.e4 e5 2.Nf3 Nc6 3.d4 exd4 4.Nxd4 Bc5 5.Be3 Qf6 6.c3 Nge7 7.Bc4 Ne5 8.Be2
Qg6 9.O-O d6 10.f3 O-O 11.Kh1 d5 12.f4 Ng4 13.Bg1 Bxd4 14.f5 Qg5 15.Bxd4 
Ne3 16.Bxe3 Qxe3 17.f6 gxf6 18.exd5 Nxd5 19.Bf3 1/2-1/2

[Event "39th Bosna it"]
[Site "Sarajevo BIH"]
[Date "2009.05.10"]
[Round "3"]
[White "Sokolov, Ivan"]
[Black "Harikrishna, Pentala"]
[Result "1/2-1/2"]
[WhiteElo "2669"]
[BlackElo "2686"]
[EventDate "2009.05.07"]
[PlyCount "59"]

1.d4 d5 2.c4 c6 3.Nf3 Nf6 4.Nc3 e6 5.g3 Nbd7 6.Bg2 dxc4 7.O-O Be7 8.e4 O-O
9.Bf4 Re8 10.a4 a5 11.Re1 Nf8 12.Qe2 Ng6 13.Bg5 e5 14.Bxf6 Bxf6 15.d5 Ne7 
16.Nd2 b6 17.Nxc4 Ba6 18.Rad1 cxd5 19.Nxd5 Nxd5 20.exd5 Bxc4 21.Qxc4 Rc8 
22.Qe2 Qd6 23.Rc1 Rc5 24.Rxc5 Qxc5 25.Qd2 Rd8 26.Rc1 Qd4 27.Qxd4 exd4 28.
Kf1 Be7 29.Ke2 Bc5 30.Kd3 1/2-1/2

[Event "39th Bosna it"]
[Site "Sarajevo BIH"]
[Date "2009.05.10"]
[Round "3"]
[White "Wang Hao"]
[Black "Predojevic, Borki"]
[Result "1/2-1/2"]
[WhiteElo "2696"]
[BlackElo "2652"]
[EventDate "2009.05.07"]
[PlyCount "45"]

1.d4 d5 2.c4 c6 3.Nf3 Nf6 4.Nc3 e6 5.Bg5 h6 6.Bh4 dxc4 7.e4 g5 8.Bg3 b5 9.
Ne5 Nbd7 10.Nxd7 Qxd7 11.Be2 Bb7 12.O-O h5 13.Be5 Rh6 14.Qc1 Rg6 15.Rd1 
Ng4 16.Bxg4 hxg4 17.b3 cxb3 18.axb3 f6 19.Bg3 Kf7 20.Qe3 a6 21.Rd3 Kg8 22.
Rad1 Qf7 23.Qe2 1/2-1/2

[Event "39th Bosna it"]
[Site "Sarajevo BIH"]
[Date "2009.05.11"]
[Round "4"]
[White "Movsesian, Sergei"]
[Black "Wang Hao"]
[Result "1-0"]
[WhiteElo "2747"]
[BlackElo "2696"]
[EventDate "2009.05.07"]
[PlyCount "125"]

1.Nf3 c5 2.g3 Nc6 3.Bg2 g6 4.O-O Bg7 5.e4 e5 6.a3 d6 7.c3 Nge7 8.b4 O-O 9.
d3 h6 10.Nbd2 Be6 11.Bb2 b6 12.b5 Na5 13.c4 Qd7 14.Ne1 Rae8 15.f4 f5 16.
Qc2 g5 17.g4 fxg4 18.f5 Bf7 19.Qd1 h5 20.Nc2 Bf6 21.Ne3 Kg7 22.a4 Ng8 23.
Bc3 Bd8 24.Nb3 Nxb3 25.Qxb3 Nf6 26.a5 Qb7 27.axb6 Bxb6 28.Qd1 Qe7 29.Bd2 
Rg8 30.Ra6 Kf8 31.Qc1 Rb8 32.Nd1 Nh7 33.f6 Qd7 34.Ne3 Rg6 35.Nf5 Rb7 36.
Be3 Be6 37.Ra2 Kf7 38.Raf2 Bd8 39.Ng7 g3 40.hxg3 Bg4 41.Nf5 Bxf6 42.Bf3 
Bxf3 43.Rxf3 Kg8 44.R3f2 Bd8 45.Kg2 Qe6 46.Bd2 Rd7 47.Ne3 Rf6 48.Nf5 Rg6 
49.Qd1 Nf6 50.Ne3 Rh7 51.Rf5 g4 52.Qa1 h4 53.gxh4 g3 54.Rh1 Ng4 55.Nxg4 
Rxg4 56.h5 Rf7 57.Qd1 Rgg7 58.Rhf1 Qe7 59.h6 Qh4 60.Rh1 Rxf5 61.Rxh4 Rf2+ 
62.Kg1 g2 63.Qg4 1-0

[Event "39th Bosna it"]
[Site "Sarajevo BIH"]
[Date "2009.05.11"]
[Round "4"]
[White "Sokolov, Ivan"]
[Black "Predojevic, Borki"]
[Result "1/2-1/2"]
[WhiteElo "2669"]
[BlackElo "2652"]
[EventDate "2009.05.07"]
[PlyCount "33"]

1.d4 d5 2.c4 c6 3.Nf3 Nf6 4.Nc3 dxc4 5.a4 Bf5 6.e3 e6 7.Bxc4 Nbd7 8.a5 b5 
9.axb6 axb6 10.Rxa8 Qxa8 11.O-O Be7 12.Re1 b5 13.Bb3 b4 14.e4 Bg6 15.e5 
bxc3 16.exf6 Bxf6 17.bxc3 1/2-1/2

[Event "39th Bosna it"]
[Site "Sarajevo BIH"]
[Date "2009.05.13"]
[Round "5"]
[White "Harikrishna, Pentala"]
[Black "Movsesian, Sergei"]
[Result "1/2-1/2"]
[WhiteElo "2686"]
[BlackElo "2747"]
[EventDate "2009.05.07"]
[PlyCount "127"]

1.d4 Nf6 2.c4 c6 3.Nc3 d5 4.Nf3 a6 5.a4 e6 6.Bg5 Nbd7 7.e3 Qa5 8.cxd5 exd5
9.Bd3 Ne4 10.O-O Nxg5 11.Nxg5 Be7 12.Qh5 g6 13.Qh6 Bf8 14.Qh4 Be7 15.Qg3 
O-O 16.Qh4 Bxg5 17.Qxg5 Qb4 18.Ne2 a5 19.Nf4 Re8 20.h4 Qd6 21.h5 Qf6 22.
Qxf6 Nxf6 23.hxg6 hxg6 24.Ra3 Re7 25.Re1 Ne8 26.f3 Nd6 27.g4 Bd7 28.Kf2 
Kg7 29.Raa1 Rae8 30.b3 Rh8 31.Rh1 Ree8 32.Rae1 Bc8 33.Rxh8 Rxh8 34.Kg3 f5 
35.gxf5 Bxf5 36.e4 dxe4 37.fxe4 Bc8 38.Rg1 g5 39.Kf3 Nf7 40.Bc4 Rh4 41.Ne2
Rh3+ 42.Rg3 Nd6 43.Bd3 Be6 44.Rxh3 Bxh3 45.Ng3 Be6 46.e5 Nc8 47.Bc4 Bxc4 
48.bxc4 b5 49.d5 cxd5 50.cxb5 Kf7 51.Nf5 Ke6 52.Nd4+ Kxe5 53.Nc6+ Kf6 54.
Nxa5 Nb6 55.Nc6 Nxa4 56.Kg4 Nb6 57.Nd4 Nd7 58.Nf3 Ne5+ 59.Nxe5 Kxe5 60.
Kxg5 d4 61.b6 Kd6 62.Kf4 Kc6 63.Ke4 Kxb6 64.Kxd4 1/2-1/2

[Event "39th Bosna it"]
[Site "Sarajevo BIH"]
[Date "2009.05.13"]
[Round "5"]
[White "Wang Hao"]
[Black "Sokolov, Ivan"]
[Result "1/2-1/2"]
[WhiteElo "2696"]
[BlackElo "2669"]
[EventDate "2009.05.07"]
[PlyCount "91"]

1.d4 d5 2.c4 c6 3.Nf3 Nf6 4.Nc3 dxc4 5.a4 Bf5 6.Ne5 Nbd7 7.Nxc4 Qc7 8.g3 
e5 9.dxe5 Nxe5 10.Bf4 Nfd7 11.Bg2 f6 12.O-O Nc5 13.Ne3 Bg6 14.b4 Rd8 15.
Ned5 cxd5 16.bxc5 Bxc5 17.Nxd5 Qf7 18.a5 O-O 19.Qb3 Kh8 20.Rfd1 Bh5 21.Rd2
b6 22.h3 Nc6 23.axb6 axb6 24.Qc4 Ne5 25.Qb3 Nc6 26.Qb2 Bxe2 27.Rxe2 Rxd5 
28.Bxd5 Qxd5 29.Qa2 Qh5 30.Be3 Qxh3 31.Bxc5 bxc5 32.Qd5 Nd4 33.Re3 h5 34.
Qxc5 Rd8 35.Qa5 Rd7 36.Qa8+ Kh7 37.Re8 Rd8 38.Qe4+ f5 39.Rxd8 fxe4 40.Rxd4
e3 41.Re1 exf2+ 42.Kxf2 Qh2+ 43.Kf3 g5 44.Rd7+ Kg6 45.Rd6+ Kf5 46.Rd5+ 
1/2-1/2

[Event "39th Bosna it"]
[Site "Sarajevo BIH"]
[Date "2009.05.14"]
[Round "6"]
[White "Eljanov, Pavel"]
[Black "Wang Hao"]
[Result "1/2-1/2"]
[WhiteElo "2693"]
[BlackElo "2696"]
[EventDate "2009.05.07"]
[PlyCount "64"]

1.d4 d5 2.c4 c6 3.Nf3 Nf6 4.e3 Bf5 5.Nc3 e6 6.Nh4 Bg6 7.Be2 Nbd7 8.O-O Bd6
9.g3 a6 10.Qb3 Rb8 11.Nxg6 hxg6 12.Qc2 dxc4 13.Bxc4 c5 14.dxc5 Bxc5 15.Rd1
Qe7 16.Bf1 O-O 17.Bg2 Rfc8 18.Bd2 Bb4 19.a3 Bd6 20.Be1 Ne5 21.Rac1 Rc7 22.
Qe2 Rbc8 23.Na2 Rxc1 24.Rxc1 Rxc1 25.Nxc1 Qc7 26.Qd1 Nd5 27.h4 Qc4 28.e4 
Nf6 29.Bc3 Nxe4 30.Bxe4 Qxe4 31.Qxd6 Nf3+ 32.Kf1 Nh2+ 1/2-1/2

[Event "39th Bosna it"]
[Site "Sarajevo BIH"]
[Date "2009.05.14"]
[Round "6"]
[White "Movsesian, Sergei"]
[Black "Sokolov, Ivan"]
[Result "1/2-1/2"]
[WhiteElo "2747"]
[BlackElo "2669"]
[EventDate "2009.05.07"]
[PlyCount "57"]

1.c4 e6 2.g3 d5 3.Bg2 Nf6 4.Nf3 c5 5.O-O Nc6 6.cxd5 exd5 7.d4 Be7 8.Nc3 
O-O 9.Bg5 cxd4 10.Nxd4 h6 11.Be3 Bg4 12.Qa4 Na5 13.Rad1 Nc4 14.Bc1 Nb6 15.
Qb5 Rc8 16.h3 Bd7 17.Qb3 Rc4 18.Nc2 Qc8 19.Ne3 Rc5 20.Nexd5 Nfxd5 21.Nxd5 
Nxd5 22.Bxd5 Bxh3 23.Bxb7 Qc7 24.Bf4 Qa5 25.Qe3 Bg5 26.Bxg5 Rxg5 27.Bg2 
Bxg2 28.Kxg2 Qxa2 29.b4 1/2-1/2

[Event "39th Bosna it"]
[Site "Sarajevo BIH"]
[Date "2009.05.15"]
[Round "7"]
[White "Movsesian, Sergei"]
[Black "Predojevic, Borki"]
[Result "1-0"]
[WhiteElo "2747"]
[BlackElo "2652"]
[EventDate "2009.05.07"]
[PlyCount "57"]

1.e4 e5 2.Nf3 Nc6 3.Bb5 a6 4.Ba4 Nf6 5.d3 b5 6.Bb3 Be7 7.O-O d6 8.c3 O-O 
9.Re1 Na5 10.Bc2 c5 11.Nbd2 Nc6 12.Nf1 h6 13.h3 Be6 14.Ng3 Rc8 15.Be3 Qc7 
16.Rc1 Rfd8 17.d4 d5 18.Nxe5 Nxe5 19.Bf4 Bd6 20.exd5 Nf3+ 21.Qxf3 Bxf4 22.
dxe6 Bxc1 23.exf7+ Kf8 24.Rxc1 cxd4 25.Bb3 dxc3 26.Rxc3 Qe5 27.Re3 Rc1+ 
28.Kh2 Qc7 29.Re6 1-0

[Event "39th Bosna it"]
[Site "Sarajevo BIH"]
[Date "2009.05.15"]
[Round "7"]
[White "Sokolov, Ivan"]
[Black "Eljanov, Pavel"]
[Result "0-1"]
[WhiteElo "2669"]
[BlackElo "2693"]
[EventDate "2009.05.07"]
[PlyCount "48"]

1.d4 Nf6 2.c4 e6 3.Nf3 b6 4.Nc3 Bb4 5.Qb3 c5 6.e3 O-O 7.Bd3 Bb7 8.O-O Nc6 
9.a3 Na5 10.Qc2 Bxc3 11.Qxc3 cxd4 12.exd4 Bxf3 13.gxf3 Rc8 14.b3 Nh5 15.
Be2 Qh4 16.Rd1 f5 17.Rb1 Rf6 18.Qe1 Nc6 19.d5 Nd4 20.Kh1 e5 21.Rxd4 exd4 
22.Bf1 Rg6 23.Bd2 Nf4 24.Rd1 Nd3 {A charming final with a small 
combination, even the second knight got centralized in the end!} 0-1

[Event "39th Bosna it"]
[Site "Sarajevo BIH"]
[Date "2009.05.15"]
[Round "7"]
[White "Wang Hao"]
[Black "Harikrishna, Pentala"]
[Result "1-0"]
[WhiteElo "2696"]
[BlackElo "2686"]
[EventDate "2009.05.07"]
[PlyCount "81"]

1.d4 Nf6 2.c4 e6 3.Nf3 d5 4.Nc3 c6 5.Bg5 h6 6.Bh4 dxc4 7.e4 g5 8.Bg3 b5 9.
Ne5 Bb7 10.h4 g4 11.Nxg4 Nxg4 12.Qxg4 Qxd4 13.Rd1 Qf6 14.e5 Qf5 15.Qd4 Be7
16.a4 c5 17.Qd2 b4 18.Nb5 Qe4+ 19.Qe3 Qxe3+ 20.fxe3 c3 21.Nc7+ Kf8 22.bxc3
bxc3 23.Kf2 c4 24.Bxc4 Nc6 25.Nxa8 Bxa8 26.Rc1 Bb4 27.Rhd1 Ke7 28.h5 Rc8 
29.Bh4+ Kf8 30.Bf6 Ne7 31.Rd4 a5 32.g4 Nd5 33.g5 hxg5 34.Bxg5 Ba3 35.Rc2 
Kg7 36.Bd3 f5 37.exf6+ Nxf6 38.h6+ Kf7 39.h7 Nd5 40.Kg1 Kg7 41.Rxd5 {The 
final combination is simple, but a logical outcome of a sound concept.} 
1-0

[Event "39th Bosna it"]
[Site "Sarajevo BIH"]
[Date "2009.05.16"]
[Round "8"]
[White "Eljanov, Pavel"]
[Black "Movsesian, Sergei"]
[Result "1/2-1/2"]
[WhiteElo "2693"]
[BlackElo "2747"]
[EventDate "2009.05.07"]
[PlyCount "31"]

1.d4 Nf6 2.c4 c6 3.Nf3 d5 4.Nc3 a6 5.a4 e6 6.Bg5 Nbd7 7.e3 Qa5 8.cxd5 exd5
9.Nd2 Bd6 10.Bd3 O-O 11.O-O Qc7 12.Nf3 h6 13.Bh4 a5 14.Qc2 Ng4 15.h3 Ngf6 
16.Ne2 1/2-1/2

[Event "39th Bosna it"]
[Site "Sarajevo BIH"]
[Date "2009.05.17"]
[Round "9"]
[White "Eljanov, Pavel"]
[Black "Predojevic, Borki"]
[Result "1/2-1/2"]
[WhiteElo "2693"]
[BlackElo "2652"]
[EventDate "2009.05.07"]
[PlyCount "133"]

1.d4 Nf6 2.c4 e6 3.Nf3 d5 4.Nc3 c6 5.e3 Nbd7 6.Bd3 dxc4 7.Bxc4 b5 8.Bd3 
Bb7 9.O-O a6 10.a4 b4 11.Nb1 c5 12.Nbd2 Bd6 13.Qe2 Qb8 14.Re1 Bc7 15.h3 
cxd4 16.exd4 O-O 17.Nc4 Bd5 18.Ne3 Bxf3 19.Qxf3 Qa7 20.Rd1 Bb6 21.Qf4 Rfd8
22.Nc4 Nf8 23.Nxb6 Qxb6 24.a5 Qb7 25.Qh4 Ng6 26.Bxg6 hxg6 27.Bg5 Rd5 28.
Bxf6 Rh5 29.Qf4 Rf5 30.Qd6 gxf6 31.Ra4 Rg5 32.d5 Rxd5 33.Rxd5 Qxd5 34.Qxd5
exd5 35.Rxb4 Rc8 36.Kf1 Rc2 37.g4 Kg7 38.Rb6 d4 39.b4 Rb2 40.Kg2 Rb3 41.f4
f5 42.Kf2 Rb2+ 43.Kf3 fxg4+ 44.hxg4 d3 45.Ke3 d2 46.Ke2 Kf8 47.f5 gxf5 48.
gxf5 Kg7 49.Kd1 f6 50.Ke2 Kh7 51.Rxf6 Rxb4 52.Kxd2 Rb5 53.Rxa6 Rxf5 54.Kc3
Kg7 55.Kb4 Rf4+ 56.Kc5 Rf5+ 57.Kd4 Kf7 58.Ra8 Kg7 59.Ke4 Rb5 60.a6 Rb6 61.
Ke5 Rc6 62.Ra7+ Kg6 63.Ke4 Rf6 64.Kd4 Rb6 65.Ra8 Kg7 66.Kd5 Rf6 67.Ke4 
1/2-1/2

[Event "39th Bosna it"]
[Site "Sarajevo BIH"]
[Date "2009.05.17"]
[Round "9"]
[White "Sokolov, Ivan"]
[Black "Wang Hao"]
[Result "0-1"]
[WhiteElo "2669"]
[BlackElo "2696"]
[EventDate "2009.05.07"]
[PlyCount "80"]

1.d4 d5 2.c4 c6 3.Nf3 Nf6 4.Nc3 e6 5.e3 a6 6.c5 Nbd7 7.b4 g6 8.Bb2 Bg7 9.
h3 O-O 10.Bd3 Qe7 11.Ne2 Ne8 12.O-O e5 13.Nxe5 Nxe5 14.dxe5 Bxe5 15.Bxe5 
Qxe5 16.Nd4 Ng7 17.Qc2 Re8 18.Rae1 Qg5 19.f4 Qg3 20.Qd2 Bf5 21.Nxf5 Nxf5 
22.Rf3 Qh4 23.Bxf5 gxf5 24.Kh2 Re6 25.Rg1 Rg6 26.Qc2 Qf6 27.Rd1 Re8 28.Qf2
Qe7 29.Rd4 h5 30.a4 Kf8 31.Rd1 Qf6 32.b5 Re4 33.bxa6 bxa6 34.Rb1 Rxa4 35.
Rb8+ Kg7 36.Rg3 Re4 37.Rxg6+ fxg6 38.Qa2 Rxe3 39.Qxa6 Qd4 40.Rb1 Qxf4+ 0-1

[Event "39th Bosna it"]
[Site "Sarajevo BIH"]
[Date "2009.05.18"]
[Round "10"]
[White "Predojevic, Borki"]
[Black "Sokolov, Ivan"]
[Result "1/2-1/2"]
[WhiteElo "2652"]
[BlackElo "2669"]
[EventDate "2009.05.07"]
[PlyCount "25"]

1.e4 e5 2.Nf3 Nc6 3.Bc4 Nf6 4.d3 Be7 5.O-O O-O 6.Re1 d6 7.a4 h6 8.a5 a6 9.
c3 Nh7 10.Be3 Kh8 11.Qb3 Qe8 12.Nbd2 f5 13.exf5 1/2-1/2

[Event "39th Bosna it"]
[Site "Sarajevo BIH"]
[Date "2009.05.18"]
[Round "10"]
[White "Wang Hao"]
[Black "Movsesian, Sergei"]
[Result "1-0"]
[WhiteElo "2696"]
[BlackElo "2747"]
[EventDate "2009.05.07"]
[PlyCount "89"]

1.e4 c5 2.Nf3 d6 3.d4 cxd4 4.Nxd4 Nf6 5.Nc3 e6 6.Be3 Nc6 7.Qd2 Be7 8.O-O-O
O-O 9.Be2 Nxd4 10.Qxd4 Bd7 11.e5 dxe5 12.Qxe5 Qb8 13.Qxb8 Rfxb8 14.Bf3 Bc6
15.Bxc6 bxc6 16.Na4 Nd5 17.Bd4 Nb6 18.Nc3 Nd5 19.Ne4 Rd8 20.Rhe1 Kf8 21.g3
Nf6 22.Nxf6 gxf6 23.g4 Ke8 24.Be3 Bd6 25.h3 Bc7 26.Rxd8+ Bxd8 27.Rd1 Bc7 
28.Rd3 a5 29.a4 Rb8 30.Rb3 Rxb3 31.cxb3 Kd7 32.Kc2 Kd6 33.b4 Kd5 34.bxa5 
Bxa5 35.Kd3 c5 36.b3 e5 37.f3 Be1 38.Bh6 Bf2 39.Bg7 Bh4 40.Bf8 Bf2 41.a5 
Bd4 42.a6 Kc6 43.Kc4 Kb6 44.Bxc5+ Bxc5 45.a7 1-0